000 00609nam a2200181Ia 4500
008 100920s9999 xx 000 0 und d
082 _b38729
_a24 थ 77
100 _aबोरकर लक्ष्मीदास.
245 _aलिंग पहावे बदलून.
260 _bबोरकर लक्ष्मीदास, वरळी.
_c1977
300 _a63
_bसाधी
365 _b0
520 _aसायो.
630 _aलिंग पहावे बदलून.
650 _aसायो.
730 _aलिंग पहावे बदलून.
942 _cBOOK
999 _c690689
_d690686